| 000 | 02041 a2200181 4500 | ||
|---|---|---|---|
| 003 | Nust | ||
| 005 | 20230726095021.0 | ||
| 020 | _a8121902894 | ||
| 040 | _cNust | ||
| 082 | _a621.381,THE | ||
| 100 |
_aTheraja, B. L _97131 |
||
| 245 |
_aA text book of electrical technology / _cTheraja, B. L. [from old catalog] & Theraja |
||
| 260 |
_aNew Delhi, _b CHAND & CO, _c 1966. |
||
| 300 | _a2103 :P | ||
| 505 | _aElectric Current and Ohm s Law (Page-1), DC Network Theorems (Page-44), Work, Power Energy (Page-146), Capacitance (Page-178), Magnetism and Electromagnetism (Page-211), Electromagnetic Induction (Page-241), Magnetic Hysteresis (Page-259), Electrochemical Power Sources (page-279), Electoral Instruments and Measurements (Page-312), Ac . Fundamental (Page-385), Complex Numbers (Page-422), Series A.C. Circuits (Page-431), Parallel A.C. Circuits (Page-472), A.C. Network Analysis (Page-505), A.C. Bridges (Page-529), A.C. Filter Network (Page-541), Circle Diagrams (Page-553), Polyphone Circuits (Page-561), Harmonics (Page-641), Fourier Series (Page-663), Transients (Page-696), Symmetrical Components (Page-716), D.C. Generators (Page-737), Armature Reaction (Page-773), Generator Characteristics (Page-798), D.C Motor (Page-822), Speed Control of D.C Motor (Page-851), Testing of D.C Machine (Page-899), Transformer (Page-919), Transformer – Timer (Page-993), Induction Motor (Page-1018), Computation (Page-1079), Single – Phase Motor (Page-1130), Alternators (Page-1159), Synchronous Motor (Page-1232) Conversion From A.C to D.C (Page-1267), A.C Transmission (Page-1361), Electric Traction (Page-1422), Electric Heating (Page-1478), Electric Welding (Page-1499), Semiconductors Physics (Page-1617), Optoelectronic Devices (Page-1673), Special Diodes (Page-1684), Regulated power Supply (Page-1734), Transistor Equivalent Circuits and Models (Page-1785), Logic Gates (Page-2034), Boolean Algebra (Page-2056), Electronic Instruments (Page-2072). | ||
| 650 |
_aelectrical technology _97132 |
||
| 942 |
_2ddc _cBK _k621.381,THE |
||
| 999 |
_c186498 _d186498 |
||